000 011290am a2200277 004500
003 EG-GiCUC
008 080309s2002 ua a f 000 0 ara d
017 _a2001 / 3737
_bمصر.دار الكتب
020 _a9772706445
040 _aEG-GiCUC
_bara
_cEG-GiCUC
092 0 4 _a379.12
_bG4116 2002
_221
099 _a04
_a379.12 G4116 2002
100 1 _aغنيمة : محمد متولى
245 1 0 _aتمويل التعليم و البحث العلمى العربى المعاصر :
_bاساليب جديدة /
_cمحمد متولى غنيمة
250 _aط2
260 _aالقاهرة :
_bالدار المصرية اللبنانية :
_c2002
300 _a335ص ؛
_c24سم
504 _aيشتمل على ارجاعات ببليوجرافية
650 7 _aالتعليم
_xاقتصاديات
_zالعالم
_2qrmak
650 7 _aالتعليم
_xالجوانب الاقتصادية
_zالعالم
_2qrmak
902 _a1
905 _aبلتاجى
_eمراجع
905 _aجمال
_eمدخل
942 _2ddc
_cBK
999 _c99153
_d99153